000 00791nam a2200277 a 4500
003 AR-BaBNM
005 20251128210341.0
008 082120s2002 ||||||||||||||000 | spa||
020 _a84-329-9405-7
040 _cAR-BaBNM
100 1 _aThroop, Sara
245 0 0 _aActividades preescolares
_bciencias sociales
250 _a7ª ed.
260 _aBarcelona
_bEdiciones CEAC
_c1995
300 _a108 p.
_bil.
490 0 _aEducación y Enseñanza. Educación infantil
650 4 _aENSEÑANZA DE LAS CIENCIAS SOCIALES
650 4 _aTECNICAS DIDACTICAS
650 4 _aACTIVIDADES DE APRENDIZAJE
650 4 _aMETODOS DE ENSEÑANZA
653 _aEDUCACION INICIAL
653 _aCONTENIDOS CURRICULARES
800 1 _aSarramona, Jaume
_edirector
942 _cBK
998 _cRaquel
999 _c15083
_d15083